000
00182 a2200097 4500
020
_a
9781662522222
041
_a
eng
100
_a
Mayne, Andrew
245
_a
Death stake
942
_c
BK
999
_c
31910
_d
31908